00386nam a2200121Ia 4500008004100000082001900041100002000060245002600080260006200106300001000168630001800178650006800196211109s9999||||xx |||||||||||||| ||und|| a891.433bYAD-E aYadav, Rajendra 0aE K Duniya Samanantar bRajkamal Prakashan Pvt Ltd DelhiaOxford City Pressc1993 a375p. xGeneral stack aHindi literaturevHindi fictionxLiterature & rhetoricGeneralia